| 000 | 00383nam a2200133Ia 4500 | ||
|---|---|---|---|
| 008 | 150202s9999 xx 000 0 und d | ||
| 020 | _a449244288 | ||
| 050 |
_aFIC _bFIC |
||
| 100 | _aArcher, Jeffrey. | ||
| 245 |
_aNot a penny more, not a penny less / _cJeffery Archer. |
||
| 260 |
_aNew York : _bFawcett Crest Books, _c1976. |
||
| 300 |
_a254 pages : _c18 cm. |
||
| 650 | _aFiction. | ||
| 999 |
_c281833 _d281833 |
||